Top Goalscorer From the Americas in Different Football Competitions - Statistics

General Stats
  • This quiz has been taken 22 times
  • The average score is 12 of 30
Answer Stats
Competition Goals Years Club(s) Nat. Answer % Correct
English Premier League 136 1989-2009 Aston Villa, Manchester United, Blackburn Rovers, Sunderland, Birmingham City 🇹🇹 Dwight Yorke
90%
UEFA Champions League -- Men 35 2011-2022 Paris Saint-Germain, Napoli, Manchester United 🇺🇾 Édinson Cavani
90%
French Ligue 1 138 2013-2020 Paris Saint-Germain 🇺🇾 Édinson Cavani
90%
German Bundesliga 197 1999-2020 Bayern Munich, Werder Bremen, FC Koln 🇵🇪 Claudio Pizarro
81%
CONCACAF Gold Cup -- Men 18 2002, 2003, 2005, 2007, 2011, 2013 --- 🇺🇸 Landon Donovan
81%
Europa League 30 2010-2013 FC Porto, Atlético Madrid 🇨🇴 Radamel Falcao
81%
Spain's La Liga -- Men 234 1981-1994 Real Madrid, Atlético Madrid, Rayo Vallecano 🇲🇽 Hugo Sánchez
71%
World Cup Finals -- Men 10 1970, 1978, 1982 --- 🇵🇪 Teófilo Cubillas
62%
Italian Serie A 124 2013- Atalanta, Udinese, Torino, Sampdoria, Napoli 🇨🇴 Duván Zapata
57%
Portuguese Primeira Liga 112 2007-2014 Benfica 🇵🇾 Oscar Cardozo
43%
International Football -- Men 70 1995-2012 --- 🇹🇹 Stern John
43%
Scottish Premier League 78 2017-2023 Rangers 🇨🇴 Alfredo Morelos
38%
International Football -- Women 190 2000-2023 --- 🇨🇦 Christine Sinclair
33%
English Women's Super League 57 2021- Manchester City 🇯🇲 Khadija Shaw
33%
World Cup Finals -- Women 14 2003, 2007, 2011, 2015 --- 🇺🇸 Abby Wambach
29%
Copa America -- Men 15 1935, 1937, 1939, 1941, 1942 --- 🇵🇪 Teodoro Fernández
29%
Belgian Jupiler Pro League 101 1994-2011 Germinal Beerschot, Anderlecht, Lierse 🇨🇦 Tomasz Radzinski
29%
French Première Ligue -- Women 40 2006-2018 Olympique Lyon, Paris Saint-Germain 🇨🇷 Shirley Cruz
24%
Major League Soccer 171 2005-2021 San Jose Earthquakes, Houston Dynamo 🇺🇸 Chris Wondolowski
19%
Turkish Süper Lig 69 2015-2021 Trabzonspor, Denizlispor, Akhisar Belediye 🇨🇴 Hugo Rodallega
19%
Copa Libertadores -- Men 54 1960-1972 Peñarol, Barcelona SC 🇪🇨 Alberto Spencer
14%
Argentine Primera Division 295 1934-1947 Independiente, Huracán 🇵🇾 Arsenio Erico
14%
Mexico's Liga MX 294 1984-2001 Cruz Azul, América, CF Monterrey, Chivas Guadalajara, Necaxa, Atlante 🇲🇽 Carlos Hermosillo
14%
Copa America -- Men 15 1935, 1937, 1939, 1942 --- 🇺🇾 Severino Varela
14%
Spain's Liga F -- Women 94 2015-2021 Levante, Atlético Madrid 🇲🇽 Charlyn Corral
10%
UEFA Champions League -- Women 12 2011-2014 Tyresö FF, BK Häcken 🇺🇸 Christen Press
10%
Dutch Eredivisie 93 1988-2003 Willem II Tilburg, NAC Breda, VVV Venlo 🇺🇸 Earnie Stewart
10%
UEFA Champions League -- Women 12 2019-2022 Paris Saint-Germain 🇨🇦 Jordyn Huitema
10%
National Women's Soccer League -- USA 80 2015- North Carolina Courage, NJ/NY Gotham FC, Western New York Flash 🇺🇸 Lynn Williams
10%
Brasileiro Série A 120 1970-1978 São Paulo, Coritiba 🇺🇾 Pedro Rocha
10%
No matching quizzes found
Score Distribution
Percent of People with Each Score
Percentile by Number Answered
Your Score History
You have not taken this quiz